Statistics for Board Games

Click here to take the quiz!

General Stats

  • This quiz has been taken 49 times
  • The average score is 15 of 47

Answer Stats

Game% Correct
Monopoly
98%
Chess
79%
Checkers
77%
Chutes and Ladders
74%
Cluedo
72%
Life
67%
Risk
65%
Trivial Pursuit
60%
Sorry!
56%
Candyland
53%
Backgammon
51%
Scrabble
51%
Battleship
49%
Operation
49%
Go
42%
Parcheesi
40%
Settlers of Catan
35%
Yahtzee
35%
Mouse Trap
33%
Trouble
33%
Connect 4
30%
Pictionary
30%
Twister
28%
Chinese Checkers
23%
Guess Who
23%
Hungry Hungry Hippos
23%
Othello
23%
Ludo
21%
Uno
21%
Jenga
19%
Stratego
19%
Dungeons & Dragons
16%
Scattergories
16%
Ticket to Ride
16%
Apples to Apples
14%
Pandemic
14%
Mastermind
12%
Pay Day
12%
Balderdash
9%
Cribbage
9%
Hi Ho Cherry-O
9%
Taboo
9%
Carcassonne
7%
Careers
7%
Mahjong
7%
Rummikub
5%
Perfection
2%

Score Distribution

Percentile by Number Answered

Percent of People with Each Score

Your Score History

You have not taken this quiz